| 000 | 005500000a22001930004500 | ||
|---|---|---|---|
| 001 | 003172 | ||
| 003 | MACL | ||
| 005 | 20150705124626.0 | ||
| 008 | 150705b xxu||||| |||| 00| 0 eng d | ||
| 040 |
_aMACL _cMACL |
||
| 041 | _aEnglish | ||
| 082 | _a303.64/SEN | ||
| 100 |
_aSen, Dhirendranath _9768 |
||
| 245 |
_aSociety Rovolution and the Future _bA Bunch Of Essays In Honour Of the Birth Centenary Of Scholar _cDhirendranath Sen |
||
| 260 |
_aKolkata _c2003 _bJahar Sen, |
||
| 350 | _a200 | ||
| 650 |
_aSocial Process _9769 |
||
| 942 |
_k304 _cBK _2ddc |
||
| 999 |
_c15078 _d15078 |
||